|
|
|
|
| LEADER |
00000nab a2200000 ar4500 |
| 001 |
vtls011472416 |
| 003 |
SK-MaSNL |
| 005 |
20260303094111.0 |
| 008 |
160212c2015 xo mr|p||| |000 b|slo |
| 015 |
|
|
|a SNBRB2016/02
|
| 038 |
|
|
|a SPK
|
| 040 |
|
|
|a SPKCL
|b slo
|c AACR2
|e AACR2
|
| 041 |
0 |
|
|a slo
|
| 044 |
|
|
|a xo
|c SK
|
| 072 |
|
7 |
|a 371
|x Školstvo (organizácia)
|2 konspekt
|
| 072 |
|
7 |
|a 616.89
|x Psychiatria
|2 konspekt
|
| 080 |
|
|
|a 371.212.72
|2 2001
|
| 080 |
|
|
|a 616.89-008.43:51
|2 2001
|
| 100 |
1 |
|
|a Šmahovská, Jana
|4 aut
|9 476513
|
| 245 |
1 |
0 |
|a Blažková, R.: Dyskalkulie a další specifické poruchy učení v matematice
|c Jana Šmahovská
|
| 650 |
0 |
7 |
|a špecifické poruchy učenia
|2 snkbucl
|9 3738
|
| 650 |
0 |
7 |
|a dyskalkúlia
|2 snkbucl
|9 25176
|
| 655 |
|
7 |
|a recenzie
|2 SNKPH
|9 21907
|
| 773 |
0 |
|
|t Naša škola
|g Roč. XIX., č. 5 (2015/16), s. 66
|x 1335-2733
|
| 787 |
0 |
8 |
|i Rec.:
|a Blažková, R.
|t Dyskalkulie a další specifické poruchy učení v matematice
|d Brno : Pedagogická fakulta Masarykovej univerzity, 2015
|
| 852 |
|
|
|a SPK
|b KIS3GCP
|
| 958 |
|
|
|a RC
|2 snkbucl
|
| 999 |
|
|
|c 1818863
|d 1820793
|